Eurocall 1991 Conference on Computer Assisted Language Learning 21-23 August 1991 Finland
Gespeichert in:
| Format: | Buch |
|---|---|
| Sprache: | Englisch |
| Veröffentlicht: |
Helsinki
School of Economics and Business Administration
1991
|
| Ausgabe: | 1. ed. |
| Tags: |
Keine Tags, Fügen Sie das erste Tag hinzu!
|
MARC
| LEADER | 00000nam a2200000 4500 | ||
|---|---|---|---|
| 001 | c038326 | ||
| 005 | 20221214093539.2 | ||
| 041 | 0 | |a eng | |
| 044 | |a FI | ||
| 245 | 1 | 0 | |a Eurocall 1991 |b Conference on Computer Assisted Language Learning 21-23 August 1991 Finland |
| 250 | |a 1. ed. | ||
| 264 | 1 | |a Helsinki |b School of Economics and Business Administration |c 1991 | |
| 300 | |a 362 s. | ||